书目信息 |
| 题名: |
中文版Photoshop平面设计典型商业案例
|
|
| 作者: | ;胡锦文 , 张明玲 , 曹磊 编著 ;新华电脑教育 主编 | |
| 分册: | ||
| 出版信息: | 北京 电子工业出版社 2006 |
|
| 页数: | 304页 | |
| 开本: | 26cm | |
| 丛书名: | 职业技能指导典型商业案例丛书 | |
| 单 册: | ||
| 中图分类: | TP391.41 | |
| 科图分类: | ||
| 主题词: | 图形软件, Photoshop--tu xing ruan jian , photoshop--案例 | |
| 电子资源: | ||
| ISBN: | 7-121-02091-2 | |
| 000 | 01292cam0 2200289 450 | |
| 001 | CAL 012006030986 | |
| 005 | 20061123091941.18 | |
| 010 | @a7-121-02091-2@dCNY 59.00 | |
| 010 | @a7-89496-805-6@b光盘 | |
| 099 | @aCAL 012006030986 | |
| 100 | @a20060337d2006 ekmy0chiy0121 ea | |
| 101 | 0 | @achi |
| 102 | @aCN@b110000 | |
| 200 | 1 | @a中文版Photoshop平面设计典型商业案例@AZhong Wen Ban Photoshop Ping Mian She Ji Dian Xing Shang Ye An Li@f新华电脑教育主编@g曹磊,张明玲,胡锦文编著 |
| 210 | @a北京@c电子工业出版社@d2006 | |
| 215 | @a304页@c彩图@d26cm@e光盘1片 | |
| 225 | 2 | @a职业技能指导典型商业案例丛书@AZhi Ye Ji Neng Zhi Dao Dian Xing Shang Ye An Li Cong Shu |
| 330 | @a本书精选书籍装帧设计、广告设计、杂志版式设计、包装设计、网页美工设计四大领域中挑选了典型的平面设计商业案例,详细地讲述了运用Photoshop制作这些案例的流程和技法,还在每一章的开始讲述了这四大领域中平面设计所涉及的理论知识要点。 | |
| 410 | 1 | @12001 @a职业技能指导典型商业案例丛书 |
| 606 | 0 | @a图形软件, Photoshop@Atu xing ruan jian , photoshop@x案例 |
| 690 | @aTP391.41@v4 | |
| 702 | 0 | @a胡锦文@AHu Jin Wen@4编著 |
| 702 | 0 | @a张明玲@AZhang Ming Ling@4编著 |
| 702 | 0 | @a曹磊@ACao Lei@4编著 |
| 711 | 02 | @a新华电脑教育@AXin Hua Dian Nao Jiao Yu@4主编 |
| 801 | @aCN@c20061123 | |
| 905 | @apdsgxy@dTP391.41@eX532 | |
| 中文版Photoshop平面设计典型商业案例/新华电脑教育主编/曹磊,张明玲,胡锦文编著.-北京:电子工业出版社,2006 |
| 304页:彩图;26cm+光盘1片.-(职业技能指导典型商业案例丛书) |
| 丛编说明: |
| ISBN 7-121-02091-2:CNY 59.00 |
| 本书精选书籍装帧设计、广告设计、杂志版式设计、包装设计、网页美工设计四大领域中挑选了典型的平面设计商业案例,详细地讲述了运用Photoshop制作这些案例的流程和技法,还在每一章的开始讲述了这四大领域中平面设计所涉及的理论知识要点。 |
| ● |
| 相关链接 |
|
|
|
正题名:中文版Photoshop平面设计典型商业案例
索取号:TP391.41/X532
 
预约/预借
| 序号 | 登录号 | 条形码 | 馆藏地/架位号 | 状态 | 备注 |
| 1 | 616178 | 206161785 | 自科二线404/404自科库 14排5列2层/ [索取号:TP391.41/X532] | 在馆 | |
| 2 | 616179 | 206161794 | 期刊室512/301自科库 65排3列5层/ [索取号:TP391.41/X532] | 在馆 | |
| 3 | 616180 | 206161801 | 期刊室512/301自科库 98排1列4层/ [索取号:TP391.41/X532] | 在馆 |